El blanqueo de moneda extranjera en el exterior (Registro nro. 19698)
[ vista simple ]
| 000 -LEADER | |
|---|---|
| fixed length control field | 00388 a2200133 4500 |
| 001 - CONTROL NUMBER | |
| control field | ART_38007 |
| 005 - DATE AND TIME OF LATEST TRANSACTION | |
| control field | 20260410161751.0 |
| 008 - FIXED-LENGTH DATA ELEMENTS--GENERAL INFORMATION | |
| fixed length control field | 260409a |
| 100 1# - MAIN ENTRY--PERSONAL NAME | |
| Personal name | Kaplan, Hugo E. |
| 245 10 - TITLE STATEMENT | |
| Title | El blanqueo de moneda extranjera en el exterior |
| 700 1# - ADDED ENTRY--PERSONAL NAME | |
| Personal name | Volman, Mario |
| 700 1# - ADDED ENTRY--PERSONAL NAME | |
| Personal name | Graña, Fabián P. |
| 773 0# - HOST ITEM ENTRY | |
| Title | Doctrina tributaria |
| Related parts | - Nº 418 (ene. 2015) |
| Record control number | REV4296 |
No hay ítems disponibles.